[Event "FB1 1920 Hamburger SK - TuRa Harksheide"]
[Site "?"]
[Date "2021.09.03"]
[Round "9.5"]
[White "Waechter, Nathalie"]
[Black "Genova, Lyubka"]
[Result "1/2-1/2"]
[WhiteElo "2006"]
[BlackElo "2234"]
[PlyCount "59"]
[EventDate "2021.??.??"]

1. d4 Nf6 2. c4 e6 3. Nc3 Bb4 4. Qc2 c5 5. e3 Nc6 6. Nf3 O-O 7. dxc5 Bxc5 8.
Be2 b6 9. O-O Bb7 10. h3 Rc8 11. a3 Qc7 12. b4 Be7 13. Nb5 Qb8 14. Bb2 a6 15.
Nbd4 Nxd4 16. Bxd4 b5 17. Qb3 Be4 18. Rac1 Qb7 19. cxb5 axb5 20. Rfd1 h6 21.
Ne1 Rfd8 22. Bf3 Bxf3 23. Nxf3 d5 24. Qb2 Ne8 25. Ne1 Rc4 26. Nd3 Rdc8 27. Ne5
R4c7 28. Nd3 Rc4 29. Ne5 R4c7 30. Nd3 1/2-1/2

[Event "FB1 1920 Hamburger SK - TuRa Harksheide"]
[Site "?"]
[Date "2021.09.03"]
[Round "9.6"]
[White "Scognamiglio, Stefanie"]
[Black "Koehler, Inken"]
[Result "0-1"]
[WhiteElo "2097"]
[BlackElo "1958"]
[PlyCount "96"]
[EventDate "2021.??.??"]

1. e4 c5 2. Nf3 e6 3. d4 cxd4 4. Nxd4 a6 5. c4 Qc7 6. Nc3 Nf6 7. Nc2 Be7 8. Be2
O-O 9. O-O b6 10. f4 Bb7 11. Qd3 d6 12. Be3 Nbd7 13. Kh1 Rac8 14. Rac1 Rfd8 15.
Bg1 Nc5 16. Qe3 Nfxe4 17. Nxe4 Bxe4 18. b4 Qb7 19. Bf3 Bxf3 20. Rxf3 Nd7 21.
Nd4 Nf6 22. Nb3 b5 23. Na5 Qe4 24. Qa7 bxc4 25. Qxa6 Ra8 26. Qb5 Rdb8 27. Qxc4
Qxc4 28. Rxc4 d5 29. Rc2 Rxb4 30. Nc6 Rb7 31. Nxe7+ Rxe7 32. Bd4 Rb7 33. g3 Ne4
34. f5 Rb1+ 35. Kg2 Rd1 36. Bb6 Rd2+ 37. Rxd2 Nxd2 38. Rf2 Nc4 39. Bc5 Ra5 40.
Bb4 Rb5 41. Bd2 e5 42. Kf3 f6 43. Bc1 Nd6 44. Ke3 Rc5 45. Bb2 d4+ 46. Kd3 Rd5
47. Ba3 e4+ 48. Kc2 Nxf5 0-1

[Event "FB1 1920 SK Schwäbisch Hall - Schachfre"]
[Site "?"]
[Date "2021.09.03"]
[Round "9.1"]
[White "Gaponenko, Inna"]
[Black "Javakhishvili, Lela"]
[Result "1/2-1/2"]
[WhiteElo "2330"]
[BlackElo "2465"]
[PlyCount "61"]
[EventDate "2021.??.??"]

1. e4 c5 2. Nf3 e6 3. c3 Nf6 4. e5 Nd5 5. Bc4 Nb6 6. Bb3 c4 7. Bc2 Nc6 8. O-O
d5 9. exd6 e5 10. b3 cxb3 11. axb3 Bxd6 12. d4 exd4 13. Nxd4 O-O 14. Ba3 Nxd4
15. Qxd4 Bxa3 16. Qxd8 Rxd8 17. Nxa3 Bd7 18. Be4 Bc6 19. Bxc6 bxc6 20. c4 Rd3
21. Rfb1 a5 22. c5 Nd7 23. Nc4 Rc3 24. Nb6 Nxb6 25. cxb6 g6 26. h3 Rb8 27. b4
Rxb6 28. bxa5 Rxb1+ 29. Rxb1 Ra3 30. Rc1 Rxa5 31. Rxc6 1/2-1/2

[Event "FB1 1920 SK Schwäbisch Hall - Schachfre"]
[Site "?"]
[Date "2021.09.03"]
[Round "9.2"]
[White "Khotenashvili, Bela"]
[Black "Schleining, Zoya"]
[Result "1-0"]
[WhiteElo "2478"]
[BlackElo "2320"]
[PlyCount "81"]
[EventDate "2021.??.??"]

1. Nf3 c5 2. c4 Nc6 3. Nc3 Nf6 4. g3 e6 5. Bg2 d5 6. cxd5 Nxd5 7. O-O Be7 8. d3
O-O 9. Bd2 b6 10. a3 Nxc3 11. Bxc3 Bb7 12. Qa4 Rb8 13. b4 b5 14. Qb3 Nd4 15.
Bxd4 cxd4 16. Nd2 Bxg2 17. Kxg2 Qd7 18. Rfc1 Rfc8 19. Qb2 Rc6 20. Nb3 Rbc8 21.
Rxc6 Qxc6+ 22. Kg1 Qd5 23. Rc1 Rxc1+ 24. Nxc1 Qc6 25. Nb3 e5 26. Na5 Qc3 27.
Qxc3 dxc3 28. Kf1 c2 29. Nb3 e4 30. Ke1 exd3 31. exd3 Bf6 32. Kd2 Bb2 33. Kxc2
Bxa3 34. Kc3 a6 35. d4 Kf8 36. Nc5 Ke7 37. Nd3 a5 38. bxa5 Kd6 39. Kb3 b4 40.
a6 Kc7 41. d5 1-0

[Event "FB1 1920 SK Schwäbisch Hall - Schachfre"]
[Site "?"]
[Date "2021.09.03"]
[Round "9.3"]
[White "Koepke, Elena"]
[Black "Atalik, Ekaterina"]
[Result "0-1"]
[WhiteElo "2286"]
[BlackElo "2429"]
[PlyCount "92"]
[EventDate "2021.??.??"]

1. e4 c6 2. d4 d5 3. exd5 cxd5 4. c4 Nf6 5. Nc3 Nc6 6. Nf3 g6 7. Bg5 Be6 8.
Bxf6 exf6 9. Be2 Bg7 10. O-O O-O 11. c5 a6 12. a3 f5 13. Qd3 g5 14. Rfd1 Qf6
15. Na4 g4 16. Ne5 Nxe5 17. dxe5 Qxe5 18. Rac1 Bd7 19. Nb6 Bb5 20. Qxd5 Bxe2
21. Qxe5 Bxe5 22. Rd5 f6 23. Nxa8 Rxa8 24. Rd7 Rb8 25. a4 a5 26. b3 f4 27. Rc2
f3 28. Rcd2 Bc3 29. Rd8+ Rxd8 30. Rxd8+ Kf7 31. Rd7+ Ke6 32. Rxb7 Kd5 33. Rc7
Bb4 34. c6 Kd6 35. Rc8 h5 36. Rf8 fxg2 37. Rxf6+ Kc7 38. Rh6 Bd1 39. Rxh5 Bxb3
40. Rg5 Bxa4 41. Rxg4 Bxc6 42. h4 Bc3 43. Rg3 Bb2 44. Rb3 Bf6 45. h5 a4 46. Rg3
Bb2 0-1

[Event "FB1 1920 SK Schwäbisch Hall - Schachfre"]
[Site "?"]
[Date "2021.09.03"]
[Round "9.4"]
[White "Bulmaga, Irina"]
[Black "Agrest, Inna"]
[Result "1/2-1/2"]
[WhiteElo "2407"]
[BlackElo "2256"]
[PlyCount "86"]
[EventDate "2021.??.??"]

1. e4 e5 2. Nf3 Nc6 3. Bb5 a6 4. Ba4 Nf6 5. d4 b5 6. Bb3 exd4 7. O-O Be7 8. e5
Ne4 9. Nxd4 Nxd4 10. Qxd4 Bb7 11. Bd5 Bxd5 12. Qxd5 f5 13. Be3 c6 14. Qb3 Qc7
15. f3 Nc5 16. Bxc5 Bxc5+ 17. Kh1 Qxe5 18. Nc3 O-O-O 19. Rae1 Qf4 20. Qf7 Bd6
21. g3 Qh6 22. f4 Rhf8 23. Qb3 g5 24. fxg5 Qxg5 25. a4 Rf6 26. axb5 Rh6 27. Ne2
axb5 28. Qa2 Qe3 29. Nf4 Qb6 30. Kg2 Qb7 31. Qf7 Rf8 32. Re8+ Rxe8 33. Qxe8+
Kc7 34. Qf7 Qb6 35. Qg7 Bxf4 36. Rxf4 Re6 37. Rd4 Re7 38. Qf6 Re6 39. Qg7 Re7
40. Qf6 Qc5 41. c3 Re6 42. Qf7 Re7 43. Qf6 Re6 1/2-1/2

[Event "FB1 1920 SK Schwäbisch Hall - Schachfre"]
[Site "?"]
[Date "2021.09.03"]
[Round "9.5"]
[White "Jelica, Mara"]
[Black "Daulyte-Cornette, Deimante"]
[Result "1/2-1/2"]
[WhiteElo "2084"]
[BlackElo "2413"]
[PlyCount "117"]
[EventDate "2021.??.??"]

1. e4 c5 2. Nf3 Nc6 3. d4 cxd4 4. Nxd4 e5 5. Nb5 d6 6. c4 Be6 7. N1c3 a6 8. Na3
g6 9. Nc2 Bg7 10. b3 Rc8 11. Bb2 Nf6 12. Qd2 O-O 13. Be2 Qa5 14. f3 Rfd8 15.
Nd5 Qxd2+ 16. Kxd2 b5 17. Nce3 bxc4 18. Bxc4 a5 19. Rhd1 Nd7 20. Bb5 Kh8 21.
Bxc6 Rxc6 22. Rac1 Nc5 23. Ke2 Bc8 24. Nc4 Ba6 25. Kf2 Bxc4 26. Rxc4 a4 27. Ba3
axb3 28. axb3 Ra8 29. Ne7 Rb6 30. Bxc5 dxc5 31. Rc3 Ra2+ 32. Kg3 Bf8 33. Rd7
Kg7 34. Nd5 Rb8 35. Kh3 Rb2 36. Nc7 R2xb3 37. Rxb3 Rxb3 38. Ne6+ Kg8 39. Ng5 f6
40. Ne6 Rb6 41. Nxf8 Kxf8 42. Rc7 Rb5 43. Rxh7 Rb2 44. Rc7 Rc2 45. g3 f5 46.
Kh4 fxe4 47. fxe4 Ke8 48. Kg5 Kd8 49. Rh7 c4 50. g4 Re2 51. Rh3 Rxe4 52. Kxg6
Rxg4+ 53. Kf5 Rd4 54. Kxe5 Rd3 55. Rh4 c3 56. Rc4 Rh3 57. Kf5 Kd7 58. Kg4 Rxh2
59. Rxc3 1/2-1/2

[Event "FB1 1920 SK Schwäbisch Hall - Schachfre"]
[Site "?"]
[Date "2021.09.03"]
[Round "9.6"]
[White "Batsiashvili, Nino"]
[Black "Straub, Natalia"]
[Result "1-0"]
[WhiteElo "2486"]
[BlackElo "2137"]
[PlyCount "76"]
[EventDate "2021.??.??"]

1. d4 Nf6 2. c4 g6 3. Nc3 Bg7 4. e4 d6 5. Be2 O-O 6. h4 c6 7. h5 e5 8. h6 Bh8
9. dxe5 dxe5 10. Qxd8 Rxd8 11. Bg5 Na6 12. Nf3 Re8 13. Rd1 Nc5 14. Rh4 Ne6 15.
Be3 Nd7 16. g3 Bf6 17. Rh1 Be7 18. Kf1 a6 19. Kg2 b5 20. a3 f6 21. b4 Ndf8 22.
c5 a5 23. Nd5 axb4 24. axb4 Ra2 25. Rd2 Rxd2 26. Nxe7+ Rxe7 27. Nxd2 Ra7 28.
Nb3 Ra4 29. Na5 Bd7 30. Rb1 Kf7 31. Bd1 Ra3 32. Bb3 Ke8 33. Bc1 Rxa5 34. bxa5
Nxc5 35. Ba3 Na6 36. Rd1 Ne6 37. Bxe6 Bxe6 38. Rd6 b4 1-0

[Event "FB1 1920 SV 1920 Hofheim - SC Bad König"]
[Site "?"]
[Date "2021.09.03"]
[Round "9.1"]
[White "Schneider, Jana"]
[Black "Mar, Karmen"]
[Result "1-0"]
[WhiteElo "2283"]
[BlackElo "2097"]
[PlyCount "79"]
[EventDate "2021.??.??"]

1. e4 c5 2. Nf3 d6 3. d4 cxd4 4. Nxd4 Nf6 5. Nc3 a6 6. Qd3 e6 7. g4 Nc6 8. g5
Nd7 9. f4 Be7 10. Be3 Nxd4 11. Qxd4 e5 12. Qd2 exf4 13. Bxf4 Ne5 14. O-O-O Be6
15. h4 Qa5 16. Kb1 Rc8 17. Nd5 Qxd2 18. Rxd2 Rc6 19. Be2 Ng6 20. Bg3 h6 21.
Rhd1 Ne5 22. gxh6 Rxh6 23. h5 Bg5 24. Rd4 Be7 25. Rb4 b5 26. Bf4 Rh8 27. a4
bxa4 28. Rb8+ Rc8 29. Rb6 Bg4 30. Bxg4 Nxg4 31. Nxe7 Kxe7 32. Bxd6+ Ke8 33. Rb7
Rh6 34. Re7+ Kf8 35. Rc7+ Rxd6 36. Rxc8+ Ke7 37. Rc7+ Ke6 38. Rxd6+ Kxd6 39.
Rxf7 Ke6 40. Rxg7 1-0

[Event "FB1 1920 SV 1920 Hofheim - SC Bad König"]
[Site "?"]
[Date "2021.09.03"]
[Round "9.2"]
[White "Roessler, Ulrike"]
[Black "Melamed, Tatjana"]
[Result "0-1"]
[WhiteElo "2110"]
[BlackElo "2336"]
[PlyCount "98"]
[EventDate "2021.??.??"]

1. e4 c5 2. Nf3 e6 3. d4 cxd4 4. Nxd4 Nc6 5. Nc3 Qc7 6. Ndb5 Qb8 7. Be3 a6 8.
Nd4 b5 9. Nxc6 dxc6 10. f4 e5 11. Qf3 Nf6 12. fxe5 Qxe5 13. Bf4 Qh5 14. e5 Qxf3
15. gxf3 Nh5 16. Be3 Be7 17. Bd3 Be6 18. O-O-O O-O 19. Rhg1 Kh8 20. Be4 Rac8
21. Bg5 Bxg5+ 22. Rxg5 Nf4 23. Rd6 h6 24. Rg3 b4 25. Na4 Ne2+ 26. Kb1 Nxg3 27.
hxg3 c5 28. Rxa6 Rfd8 29. Kc1 Rc7 30. b3 c4 31. Rb6 cxb3 32. axb3 Bxb3 33. Rxb4
Bxa4 34. Rxa4 Rc5 35. Ra7 Kg8 36. f4 Rc3 37. f5 Re3 38. Bd3 Rxe5 39. g4 Kf8 40.
Ra4 Red5 41. Be2 Rd4 42. Ra7 Re8 43. Bf3 Re3 44. Bc6 Rg3 45. Ra8+ Ke7 46. Ra7+
Kf6 47. Be8 Rgxg4 48. Rxf7+ Ke5 49. Re7+ Kxf5 0-1

[Event "FB1 1920 SV 1920 Hofheim - SC Bad König"]
[Site "?"]
[Date "2021.09.03"]
[Round "9.3"]
[White "Savina, Anastasia"]
[Black "Kushka, Alena"]
[Result "1-0"]
[WhiteElo "2335"]
[BlackElo "2133"]
[PlyCount "45"]
[EventDate "2021.??.??"]

1. d4 Nf6 2. c4 e6 3. Nc3 c5 4. d5 exd5 5. cxd5 d6 6. Nf3 g6 7. Nd2 Bg7 8. e4
O-O 9. Be2 a6 10. a4 b6 11. O-O Nbd7 12. f4 Rb8 13. Nc4 Ne8 14. Kh1 f5 15. e5
dxe5 16. d6 e4 17. Ne5 Nxe5 18. fxe5 Be6 19. Nd5 Bxe5 20. Ne7+ Kg7 21. Nc6 Qxd6
22. Nxe5 Qxe5 23. Bf4 1-0

[Event "FB1 1920 SV 1920 Hofheim - SC Bad König"]
[Site "?"]
[Date "2021.09.03"]
[Round "9.4"]
[White "Winterholler, Christina"]
[Black "Belenkaya, Dina"]
[Result "0-1"]
[WhiteElo "2067"]
[BlackElo "2267"]
[PlyCount "84"]
[EventDate "2021.??.??"]

1. c4 e5 2. Nc3 Nf6 3. g3 Nc6 4. Bg2 Bc5 5. e3 d5 6. Nxd5 Nxd5 7. cxd5 Nb4 8.
Qb3 c6 9. a3 Nxd5 10. Ne2 O-O 11. O-O Bb6 12. Nc3 Be6 13. Qc2 a5 14. b3 f5 15.
Bb2 f4 16. Nxd5 cxd5 17. Bxe5 f3 18. Bh1 Qg5 19. Bf4 Qh5 20. Qd1 Bg4 21. h3
Qxh3 22. Bxf3 Rxf4 23. Bxd5+ Rf7 24. Qe1 Bf3 25. Bxf3 Rxf3 26. Rc1 Rf5 27. Rc4
Rh5 28. Rh4 Rxh4 29. gxh4 Qg4+ 30. Kh2 Qxh4+ 31. Kg2 Qg4+ 32. Kh2 Rf8 33. Qc1
Qh5+ 34. Kg1 Qg4+ 35. Kh2 Rc8 36. Qd1 Qh4+ 37. Kg2 Rc6 38. f4 Rg6+ 39. Kf3 Qg4+
40. Ke4 Qg2+ 41. Ke5 Qc6 42. f5 Bc7+ 0-1

[Event "FB1 1920 SV 1920 Hofheim - SC Bad König"]
[Site "?"]
[Date "2021.09.03"]
[Round "9.5"]
[White "Obolentseva, Alexandra"]
[Black "Heymann-Lobzhanidze, Anna-Luise"]
[Result "1-0"]
[WhiteElo "2302"]
[BlackElo "1954"]
[PlyCount "69"]
[EventDate "2021.??.??"]

1. d4 d6 2. g3 Nf6 3. Bg2 g6 4. Nf3 Bg7 5. O-O O-O 6. c4 Nc6 7. Nc3 a6 8. b3
Rb8 9. a4 Nb4 10. Ba3 c5 11. Rc1 Qb6 12. Re1 Bg4 13. d5 Nd7 14. h3 Bxf3 15.
Bxf3 f5 16. Qd2 Ne5 17. Bg2 f4 18. gxf4 Bh6 19. e3 Ned3 20. Ne4 Nxc1 21. Rxc1
Qa5 22. Bb2 Bg7 23. Bxg7 Kxg7 24. Qc3+ Kg8 25. h4 b5 26. Bh3 Rf5 27. Bxf5 gxf5
28. Ng5 Rf8 29. Kh2 h6 30. Ne6 Rf6 31. Rg1+ Kh8 32. Rg6 Nc6 33. Qxf6+ exf6 34.
dxc6 Qe1 35. Rg2 1-0

[Event "FB1 1920 SV 1920 Hofheim - SC Bad König"]
[Site "?"]
[Date "2021.09.03"]
[Round "9.6"]
[White "Froehlich-Dill, Astrid"]
[Black "Babiy, Olga"]
[Result "0-1"]
[WhiteElo "1854"]
[BlackElo "2269"]
[PlyCount "96"]
[EventDate "2021.??.??"]

1. d4 Nf6 2. Nf3 c5 3. c3 b6 4. Bf4 e6 5. e3 Bb7 6. Be2 d6 7. dxc5 bxc5 8. Qb3
Bc6 9. a4 Nbd7 10. Nbd2 Rb8 11. Qc2 Be7 12. h3 O-O 13. O-O Re8 14. Rfd1 e5 15.
Bh2 Qc7 16. Nc4 Bf8 17. a5 Be4 18. Qc1 h6 19. a6 Bg6 20. Na5 Nb6 21. Nd2 d5 22.
c4 d4 23. exd4 cxd4 24. Nf3 Ne4 25. Nxd4 Nd7 26. Nb5 Qb6 27. Rf1 Ndc5 28. b4
Nxa6 29. c5 Qf6 30. Nd6 Bxd6 31. Bxa6 Bxc5 32. bxc5 Qxa6 33. Nc4 Qf6 34. Qe3
Rb5 35. Nd6 Nxd6 36. cxd6 Qxd6 37. Rxa7 Qd5 38. Raa1 Rb3 39. Qc1 Bd3 40. Re1
Rb6 41. Qe3 Rg6 42. Bg3 Ba6 43. Rad1 Qa8 44. Ra1 f5 45. Qb3+ Kh7 46. Qc2 f4 47.
Rxa6 Qxa6 48. Bxf4 Rc8 0-1

[Event "FB1 1920 SV Weißblau Allianz Leipzig -"]
[Site "?"]
[Date "2021.09.03"]
[Round "9.3"]
[White "Lubbe, Melanie"]
[Black "Schulz, Petra"]
[Result "1-0"]
[WhiteElo "2300"]
[BlackElo "1991"]
[PlyCount "103"]
[EventDate "2021.??.??"]

1. e4 e6 2. d4 d5 3. Nc3 Bb4 4. exd5 exd5 5. Bd3 Nc6 6. a3 Bxc3+ 7. bxc3 Nge7
8. Rb1 b6 9. Qh5 Be6 10. Nf3 Qd7 11. Ng5 O-O-O 12. Nxe6 Qxe6+ 13. Qe2 Qxe2+ 14.
Kxe2 Rd6 15. Re1 Re6+ 16. Kf1 Rxe1+ 17. Kxe1 Re8 18. Kf1 g6 19. Bg5 Na5 20. g4
Kd7 21. a4 Nc8 22. f3 Nd6 23. Kf2 Nac4 24. Bf4 a5 25. Kg3 Rb8 26. Kh4 f6 27.
Kg3 Re8 28. h4 Re7 29. Kf2 Rf7 30. Kg3 Re7 31. Bh6 Nf7 32. Bg7 Nfd6 33. Bxf6
Re6 34. Bg5 Ke8 35. h5 Kf7 36. hxg6+ hxg6 37. Bf4 Kg7 38. Kf2 Kf7 39. Rh1 Kg7
40. Bxc4 Nxc4 41. Bxc7 Re3 42. Be5+ Kf8 43. Rh8+ Ke7 44. Rh7+ Ke8 45. Rg7 Rxc3
46. Rxg6 Rxc2+ 47. Kg3 Ra2 48. g5 Rxa4 49. Rf6 Ra1 50. g6 Rg1+ 51. Kf2 Rg5 52.
Bf4 1-0

[Event "FB1 1920 SV Weißblau Allianz Leipzig -"]
[Site "?"]
[Date "2021.09.03"]
[Round "9.4"]
[White "Daemering, Katrin"]
[Black "Hagarova, Zuzana"]
[Result "0-1"]
[WhiteElo "1993"]
[BlackElo "2278"]
[PlyCount "44"]
[EventDate "2021.??.??"]

1. e4 e6 2. d4 d5 3. Nd2 Nf6 4. e5 Nfd7 5. Ngf3 c5 6. c3 Nc6 7. Be2 cxd4 8.
cxd4 f6 9. exf6 Qxf6 10. Nb3 h6 11. O-O Bd6 12. Be3 O-O 13. a3 Rd8 14. Rc1 e5
15. dxe5 Ndxe5 16. Nbd4 Bg4 17. Rc3 Kh8 18. Nxc6 bxc6 19. Bd4 Bxf3 20. Bxf3 Rf8
21. b4 Qf4 22. Bxe5 Qxe5 0-1

[Event "FB1 1920 SV Weißblau Allianz Leipzig -"]
[Site "?"]
[Date "2021.09.03"]
[Round "9.5"]
[White "Miturova, Magdalena"]
[Black "Just, Anita"]
[Result "1-0"]
[WhiteElo "2219"]
[BlackElo "1925"]
[PlyCount "56"]
[EventDate "2021.??.??"]

1. e4 e6 2. d4 d5 3. Nd2 dxe4 4. Nxe4 Nd7 5. Nf3 Ngf6 6. Bd3 Be7 7. Nxf6+ Nxf6
8. Bg5 h6 9. Bh4 c5 10. dxc5 Bxc5 11. Qe2 Bd7 12. Ne5 a6 13. O-O-O g5 14. Bg3
Qe7 15. h4 Nd5 16. Nxd7 Kxd7 17. Be4 Ke8 18. Bxd5 exd5 19. Qh5 Kd7 20. Rhe1 Qf6
21. Be5 Qxf2 22. Bxh8 Rxh8 23. hxg5 Be3+ 24. Kb1 d4 25. Rf1 Qg3 26. Qxf7+ Kc8
27. g6 Rd8 28. Qe6+ Kb8 1-0

[Event "FB1 1920 SV Weißblau Allianz Leipzig -"]
[Site "?"]
[Date "2021.09.03"]
[Round "9.6"]
[White "Kluge, Heidemarie"]
[Black "Kanakova, Natalie"]
[Result "0-1"]
[WhiteElo "1915"]
[BlackElo "2180"]
[PlyCount "104"]
[EventDate "2021.??.??"]

1. d4 f5 2. c4 Nf6 3. Nc3 d6 4. e3 g6 5. Nf3 Bg7 6. Be2 O-O 7. O-O Qe8 8. Nb5
Na6 9. Rb1 c6 10. Nc3 e5 11. dxe5 dxe5 12. b4 e4 13. Nd4 Nc7 14. a4 Nd7 15. Ba3
Kh8 16. Qc2 Qe5 17. Bb2 Qe7 18. Qb3 f4 19. f3 fxe3 20. Nxe4 Re8 21. Nc2 Nf6 22.
Nxf6 Bxf6 23. Bxf6+ Qxf6 24. Qb2 Qxb2 25. Rxb2 Bf5 26. Rd1 Re7 27. Nd4 Rae8 28.
g4 Bc8 29. Kf1 Rf8 30. Ke1 Kg7 31. Rb3 h5 32. h3 hxg4 33. hxg4 Rh8 34. Rdd3
Rh1+ 35. Bf1 Bxg4 36. fxg4 Rf7 37. Rxe3 Rhxf1+ 38. Ke2 R1f2+ 39. Kd3 Rd7 40.
Ke4 Ne8 41. Kd3 Rf4 42. Re4 Rxe4 43. Kxe4 Nf6+ 44. Kd3 Nxg4 45. Kc3 Re7 46. b5
c5 47. Nc6 bxc6 48. a5 cxb5 49. cxb5 Ne5 50. a6 Nd7 51. Kc4 Re5 52. Rb1 Nb6+
0-1

[Event "FB1 1920 SK Lehrte - SV Medizin Erfurt"]
[Site "?"]
[Date "2021.09.03"]
[Round "9.1"]
[White "Ratay, Meike"]
[Black "Sieber, Fiona"]
[Result "0-1"]
[WhiteElo "1984"]
[BlackElo "2252"]
[PlyCount "56"]
[EventDate "2021.??.??"]

1. e4 c5 2. Nf3 d6 3. d4 cxd4 4. Nxd4 Nf6 5. Nc3 a6 6. Be2 e6 7. O-O Be7 8. Kh1
O-O 9. f4 Qc7 10. Bf3 Rd8 11. Qe2 e5 12. Nf5 Bxf5 13. exf5 Nc6 14. Bxc6 Qxc6
15. fxe5 dxe5 16. Bg5 Rd4 17. Rad1 Re8 18. Rfe1 Rb4 19. Rb1 Rc4 20. Red1 b5 21.
Rbc1 h6 22. Bxf6 Bxf6 23. Nd5 Bg5 24. b3 Rd4 25. Ne3 Qc3 26. Re1 Re4 27. Nd5
Rxe2 28. Nxc3 Rxe1+ 0-1

[Event "FB1 1920 SK Lehrte - SV Medizin Erfurt"]
[Site "?"]
[Date "2021.09.03"]
[Round "9.2"]
[White "Newrkla, Katharina"]
[Black "Reuter, Elisa"]
[Result "1/2-1/2"]
[WhiteElo "2249"]
[BlackElo "1805"]
[PlyCount "107"]
[EventDate "2021.??.??"]

1. d4 Nf6 2. Bg5 Ne4 3. Bf4 d5 4. e3 c5 5. Nd2 Nxd2 6. Qxd2 Nc6 7. Nf3 e6 8. c3
Be7 9. h4 c4 10. h5 h6 11. Be2 Bd6 12. O-O O-O 13. Bd1 b5 14. Bc2 Qc7 15. Rad1
Bd7 16. Bxd6 Qxd6 17. e4 Be8 18. e5 Qe7 19. Rde1 f5 20. exf6 Qxf6 21. Ne5 Rc8
22. Nxc6 Bxc6 23. Re5 Bd7 24. Bb1 Qf4 25. Qc2 Rf5 26. Rxf5 Qxf5 27. Qe2 Qf4 28.
Re1 Rf8 29. Bg6 Qg5 30. Qe3 Qf6 31. Bc2 Qf4 32. Qxf4 Rxf4 33. g3 Rf6 34. Re5
Kf8 35. Kg2 Ke7 36. g4 Kd6 37. Kg3 Rf8 38. f4 Be8 39. a3 a6 40. Bd1 Bd7 41. Bf3
Bc6 42. Re1 Bd7 43. Bd1 Bc6 44. Bc2 Be8 45. Kf3 a5 46. Ke3 a4 47. Rg1 Ke7 48.
Bd1 Kd7 49. g5 Kd6 50. gxh6 gxh6 51. Rg7 Rf6 52. Bg4 Bf7 53. Bf3 Ke7 54. Rg1
1/2-1/2

[Event "FB1 1920 SK Lehrte - SV Medizin Erfurt"]
[Site "?"]
[Date "2021.09.03"]
[Round "9.3"]
[White "Mueller-Ludwig, Kristin"]
[Black "Hapala, Elisabeth"]
[Result "0-1"]
[WhiteElo "2062"]
[BlackElo "2152"]
[PlyCount "80"]
[EventDate "2021.??.??"]

1. e4 c5 2. Nf3 e6 3. d4 cxd4 4. Nxd4 a6 5. c4 Nf6 6. Nc3 Qc7 7. a3 Be7 8. Be2
b6 9. f3 Bb7 10. Be3 d6 11. O-O Nbd7 12. Rc1 O-O 13. b4 Rfc8 14. Na4 Rab8 15.
Qd2 Ba8 16. Rfd1 Ne5 17. Qe1 Qd7 18. Nb2 Qe8 19. Nb3 h6 20. Qf2 Nfd7 21. Qg3
Ng6 22. c5 bxc5 23. Bxa6 Rc6 24. Bf1 cxb4 25. a4 Rc3 26. Rd3 Rxc1 27. Nxc1 Nde5
28. Rb3 d5 29. Bb5 Qd8 30. f4 Bh4 31. Qh3 Nc4 32. Rxb4 Nxe3 33. Qxe3 dxe4 34.
Rd4 Qc7 35. Rd7 Qc2 36. Nc4 Bd5 37. Qd2 Qxd2 38. Nxd2 e3 39. Nf1 Bf2+ 40. Kh1
Nxf4 0-1

[Event "FB1 1920 SK Lehrte - SV Medizin Erfurt"]
[Site "?"]
[Date "2021.09.03"]
[Round "9.4"]
[White "Duessler, Stefanie"]
[Black "Anisheva, Varvara"]
[Result "0-1"]
[WhiteElo "2135"]
[BlackElo "2075"]
[PlyCount "108"]
[EventDate "2021.??.??"]

1. e4 c5 2. Nc3 Nc6 3. f4 e6 4. Bc4 g6 5. Nf3 Bg7 6. O-O Nge7 7. d3 O-O 8. Qe1
Nd4 9. Nxd4 cxd4 10. Nd1 d5 11. Bb3 dxe4 12. dxe4 Bd7 13. Nf2 a5 14. a3 a4 15.
Bc4 b5 16. Bd3 f5 17. Bd2 Re8 18. Nh3 Nc8 19. e5 Bc6 20. Ng5 Nb6 21. Rd1 Nc4
22. Bxc4 bxc4 23. Bc3 d3 24. cxd3 cxd3 25. Qg3 Qb6+ 26. Kh1 Rad8 27. Nf3 Bb5
28. Rd2 Rd5 29. Ne1 Red8 30. Bb4 R8d7 31. Rf3 Qa6 32. Qh4 Bf8 33. Bxf8 Kxf8 34.
Qf6+ Kg8 35. Rg3 Rf7 36. Qh4 Qc8 37. Re3 Qc1 38. Qf2 Rc7 39. h3 Qb1 40. Kh2 Rc1
41. Qh4 Rd7 42. Nf3 Rh1+ 43. Kg3 Rd1 44. Qf6 Bc4 45. Ng5 Rxd2 46. Nxe6 Bxe6 47.
Qxe6+ Rf7 48. Qe8+ Rf8 49. Qe6+ Kg7 50. Qd7+ Rf7 51. Qd4 Qf1 52. e6+ Rf6 53.
Kh4 Rxg2 54. Qd7+ Kh6 0-1

[Event "FB1 1920 SK Lehrte - SV Medizin Erfurt"]
[Site "?"]
[Date "2021.09.03"]
[Round "9.5"]
[White "Troyke, Doreen"]
[Black "Manusina, Nicole"]
[Result "0-1"]
[WhiteElo "2011"]
[BlackElo "1997"]
[PlyCount "44"]
[EventDate "2021.??.??"]

1. c4 e5 2. g3 Nf6 3. Bg2 d5 4. cxd5 Nxd5 5. Nc3 Nb6 6. d3 Be7 7. Nf3 Nc6 8.
O-O O-O 9. Be3 Be6 10. Ne4 f5 11. Nc5 Bd5 12. Qc1 Nd4 13. Bxd4 exd4 14. Nxd4
Bxg2 15. Nde6 Qd5 16. e4 fxe4 17. Kxg2 exd3+ 18. Kg1 Bxc5 19. Nxc5 Nc4 20. Nb3
Rae8 21. Qc3 Re2 22. Nc1 Ne3 0-1

[Event "FB1 1920 SK Lehrte - SV Medizin Erfurt"]
[Site "?"]
[Date "2021.09.03"]
[Round "9.6"]
[White "Diederichs, Luise"]
[Black "Ulrich, Helena Irene"]
[Result "1-0"]
[WhiteElo "1963"]
[BlackElo "1540"]
[PlyCount "77"]
[EventDate "2021.??.??"]

1. c4 Nf6 2. Nc3 g6 3. g3 Bg7 4. Bg2 O-O 5. e4 d6 6. Nge2 e5 7. d3 Nbd7 8. O-O
c6 9. h3 a6 10. a4 Rb8 11. b4 a5 12. bxa5 Qxa5 13. Bd2 Qc7 14. Be3 Nc5 15. f4
exf4 16. gxf4 Nh5 17. d4 Nd7 18. Rc1 Nhf6 19. e5 Ne8 20. Ne4 dxe5 21. dxe5 Qd8
22. Qb3 Qe7 23. Nd4 Ra8 24. c5 h6 25. Nd6 Nxd6 26. cxd6 Qe8 27. Nxc6 bxc6 28.
Bxc6 Rb8 29. Qxb8 Nxb8 30. Bxe8 Rxe8 31. Kh2 f6 32. Bd4 fxe5 33. fxe5 Nd7 34.
Rfe1 Ba6 35. e6 Bxd4 36. exd7 Rf8 37. Re8 Bf6 38. Rxf8+ Kxf8 39. Rc8+ 1-0

[Event "FB1 1920 OSG Baden-Baden - TuRa Harkshe"]
[Site "?"]
[Date "2021.09.04"]
[Round "10.1"]
[White "Antolak, Julia"]
[Black "Kosteniuk, Alexandra"]
[Result "1/2-1/2"]
[WhiteElo "2315"]
[BlackElo "2526"]
[PlyCount "69"]
[EventDate "2021.??.??"]

1. e4 c5 2. Nf3 e6 3. c3 d5 4. exd5 exd5 5. Bb5+ Nc6 6. O-O Bd6 7. d4 Nge7 8.
h3 O-O 9. dxc5 Bxc5 10. Nbd2 Ng6 11. Nb3 Bb6 12. Nbd4 Qd6 13. Bd3 a6 14. Re1
Bc7 15. Kf1 h6 16. Be3 Nce7 17. a4 Qf6 18. Nb3 Nf5 19. Bc5 Rd8 20. Nbd4 Nf4 21.
Bxf5 Bxf5 22. Nxf5 Qxf5 23. Nh4 Qd3+ 24. Kg1 Nxh3+ 25. gxh3 Qxh3 26. Nf3 Qg4+
27. Kh1 Qh3+ 28. Kg1 Qg4+ 29. Kh1 d4 30. cxd4 Rd5 31. Ne5 Qh4+ 32. Kg2 Qg5+ 33.
Kf1 Rxc5 34. dxc5 Bxe5 35. Qd5 1/2-1/2

[Event "FB1 1920 OSG Baden-Baden - TuRa Harkshe"]
[Site "?"]
[Date "2021.09.04"]
[Round "10.3"]
[White "Gosciniak, Maria"]
[Black "Zatonskih, Anna"]
[Result "0-1"]
[WhiteElo "2090"]
[BlackElo "2423"]
[PlyCount "106"]
[EventDate "2021.??.??"]

1. e4 e6 2. d4 d5 3. Nc3 dxe4 4. Nxe4 Bd7 5. c3 Bc6 6. Bd3 Nf6 7. Qe2 Nxe4 8.
Bxe4 Bxe4 9. Qxe4 Qd5 10. Qxd5 exd5 11. Bf4 Kd7 12. O-O-O Nc6 13. Nf3 f6 14. h4
h5 15. Ne1 Ne7 16. Nd3 b6 17. Rde1 c6 18. Re2 Nf5 19. Kc2 Be7 20. a4 Rae8 21.
g3 Bd8 22. Rxe8 Rxe8 23. Kd1 Be7 24. Re1 Rg8 25. Rh1 g6 26. Ke2 Rh8 27. b4 Ng7
28. b5 Rc8 29. Bd2 Ne6 30. Ra1 Bd6 31. Ne1 c5 32. Kd3 cxd4 33. cxd4 Nxd4 34.
Rc1 Bc5 35. Rb1 Ne6 36. Ke2 Bd4 37. Rb4 Be5 38. Nd3 Bd6 39. Rb2 Rc4 40. Ra2 Nc5
41. Nxc5+ Bxc5 42. f3 Bd6 43. Be1 Bb4 44. Bf2 Ke6 45. Be3 d4 46. Bf4 Kd5 47.
Bb8 Rc8 48. Bf4 Kc4 49. Bd2 Bc3 50. a5 Re8+ 51. Kd1 Kxb5 52. axb6 axb6 53. Ra7
Kc4 0-1